LEADER 05599nam 2200649Ia 450 001 9910454655603321 005 20200520144314.0 010 $a1-281-95137-4 010 $a9786611951375 010 $a981-279-981-8 035 $a(CKB)1000000000537980 035 $a(EBL)1681050 035 $a(SSID)ssj0000228104 035 $a(PQKBManifestationID)11198438 035 $a(PQKBTitleCode)TC0000228104 035 $a(PQKBWorkID)10148912 035 $a(PQKB)11776845 035 $a(MiAaPQ)EBC1681050 035 $a(WSP)00004779 035 $a(Au-PeEL)EBL1681050 035 $a(CaPaEBR)ebr10256000 035 $a(CaONFJC)MIL195137 035 $a(OCoLC)879074374 035 $a(EXLCZ)991000000000537980 100 $a20020204d2001 uy 0 101 0 $aeng 135 $aur|n|---||||| 181 $ctxt 182 $cc 183 $acr 200 10$aProceedings of the Sixth International Workshop on Relativistic Aspects of Nuclear Physics$b[electronic resource] $eCaraguatatuba, Sa?o Paulo, Brazil, 17-20 October 2000 /$feditors, Takeshi Kodama ... [et al.] 210 $aSingapore ;$aRiver Edge, NJ $cWorld Scientific$dc2001 215 $a1 online resource (476 p.) 300 $aDescription based upon print version of record. 311 $a981-02-4715-X 320 $aIncludes bibliographical references. 327 $aPreface; CONTENTS; Mituo Taketani - In Memoriam; Invited Talks; First Physics Results from STAR; Was a New Phase of Nuclear Matter Observed at CERN SPS . . . ?; The Origin of the Highest Energy Cosmic Rays; Ultra-High Energy Cosmic Rays: Current Data and Propagation Scenarios; Imprints of Nonextensivity in Multiparticle Production; Relics of the Cosmological Quark-Hadron Phase Transition; Hadronic Chiral Mean-Field Models at Extreme Temperatures and Densities; Are High Energy Heavy Ion Collisions Similar to a Little Bang or Just a Very Nice Firework?; Hard Thermal Loops and QCD Thermodynamics 327 $aOptimized Perturbation Theory: Finite Temperature ApplicationsPotential Gravitational Wave Sources and Laser Beam Interferometers; Event-by-Event Analysis of Ultra-Relativistic Heavy-Ion Collisions in Smoothed Particle Hydrodynamics; Hadronic Form Factors from QCD Sum Rules; Quarkonium Production in High Energy Heavy Ion Collisions; Charmonium-Hadron Cross Section in Nonperturbative QCD Models; Remark on the Second Principle of Thermodynamics; Light Front Nuclear Theory and the HERMES Effect; Nuclear Scattering at Very High Energies; Current Status of Quark Gluon Plasma Signals 327 $aThe Stange Quark-Gluon PlasmaScreening Effects in the Q2 Logarithmic Slope of F2; Charm Meson Interactions in Hadronic Matter; Contributed Papers; Dependence of the Forward Neutral Energy En on Transverse Energy ET in Relativistic Heavy Ions Collisions; Effective Nucleon-Nucleon Interaction in the RPA; B and D Meson Coupling Constant and Form Factor Calculations from QCD Sum Rules; Quantum Contributions for the Temporal Evolution of Nonhomogeneous Configurations of the AO4 Model; QCD Sum Rules for Heavy A Semileptonic Decays; Nonperturbative Quantum Field Methods in Bose Einstein ondensates 327 $aAsymmetries in Heavy Meson Production in the Meson Cloud Model ScenarioCrossing Symmetry Violation in Unitarity Corrected ChPT Pion-Pion Amplitude; Nuclear Matter Properties Determined by Relativistic Mean Field Model with o-w Coupling; The Relativistic Quasi-Particle Random Phase Approximation; A Comparison between the Relativistic BCS and Hartree-Bogoliubov Approximations in Nuclear Ground States; Chiral Phase Transition in a Covariant Nonlocal NJL Model; High Density Effects in eA Processes; Quasi-Deuteron Pairing and Isospin Asymmetry; Einstein Equations and Fermion Degrees of Freedom 327 $aHadronic Model Independence of the Hadron-QGP Phase Transition at Very Low DensityQuark Degrees of Freedom in Compact Stars; Finite Temperature Nucleon Mass in QMC Model; The Fuzzy Bag Model Revisited; Neutron Star Properties in the Relativistic Mean Field Theory; Relativistic Description of Asymmetric Nuclear Matter in a o-w-s-p Model; Simplifying Relativistic Density Limits for Nuclear Surface Properties in Walecka Model; Hyperons and Heavy Baryons Decays in the Light-Front Model; Neutron Stars in Nonlinear Coupling Models; Four-Wedge Product for Relativistic Treatment in Quantum Mechanics 327 $aMultiplicity of Pions from a Heated Interacting Gas 330 $aThis volume deals mainly with physics related to the RHIC. It contains one of the first reports on the results of RHIC experiments. Contents: First Physics Results from STAR (J Harris); The Origin of the Highest Energy Cosmic Rays (A V Olinto); Ultra-High Energy Cosmic Rays: Current Data and Propagation Scenarios (G M Tanco); Are High Energy Heavy Ion Collisions Similar to a Little Bang, or Just a Very Nice Firework? (E V Shuryak); Event-by-Event Analysis of Ultra-Relativistic Heavy-Ion Collisions in Smoothed Particle Hydrodynamics (T Osada et al.); Hadronic Form Factors from QCD Sum Rules (M 606 $aNuclear reactions$vCongresses 606 $aRelativity (Physics)$vCongresses 608 $aElectronic books. 615 0$aNuclear reactions 615 0$aRelativity (Physics) 676 $a539.7/6 701 $aKodama$b Takeshi$0856216 801 0$bMiAaPQ 801 1$bMiAaPQ 801 2$bMiAaPQ 906 $aBOOK 912 $a9910454655603321 996 $aProceedings of the Sixth International Workshop on Relativistic Aspects of Nuclear Physics$91911828 997 $aUNINA LEADER 04512nam 2200541 450 001 9910324949803321 005 20230630103303.0 010 $a1-78938-053-7 024 7 $a10.1386/9781783209866 035 $a(CKB)4100000008351248 035 $a(OAPEN)1005017 035 $a(WaSeSS)IndRDA00120770 035 $a(ScCtBLL)743a14bb-59b2-4a34-921b-bb9c65315c54 035 $a(MiAaPQ)EBC6743566 035 $a(Au-PeEL)EBL6743566 035 $a(OCoLC)1104538913 035 $a(oapen)https://directory.doabooks.org/handle/20.500.12854/33773 035 $a(EXLCZ)994100000008351248 100 $a20230630d2019 uy 0 101 0 $aeng 135 $auuuuu---auuuu 181 $ctxt$2rdacontent 182 $cc$2rdamedia 183 $acr$2rdacarrier 200 14$aThe cultural practice of immigrant filmmaking $eminor immigrant cinemas in Sweden 1950-1990 /$fLars Gustaf Andersson and John Sundholm 205 $a1st ed. 210 1$aBristol, Engalnd :$cIntellect,$d[2019] 210 4$d©2019 215 $a1 online resource (x, 159 pages) 311 $a1-78320-986-0 320 $aIncludes bibliographical references, filmography and index. 327 $aIntro -- Half Title -- Title -- Copyright -- Contents -- Foreword -- Acknowledgements -- Introduction: The Cultural Practice of Immigrant Filmmaking -- Film and theory -- Minor cinemas, the public sphere and the production of locality -- Migration and diaspora: Notes on recent research -- Outline of the book -- Chapter 1: Migrants' Minor Cinemas: Beyond Accented and Exilic Cinema -- Accented cinema -- Minor cinema -- Beyond textual models of the accented and exilic -- Chapter 2: Conditions of Production: Immigrant's Associations and Workshops in Sweden -- Immigration and culture in post-war Sweden -- Establishing experimental film culture: The Independent Film Group -- Immigrant film as cultural policy: The Stockholm Film Workshop -- The momentary agency: Cineco (Cinecooperativo) -- To be or not to be a filmmaker: Kaleidoscope -- Do it yourself: The Tensta Film Association -- The production of film, the production of experience and the public -- Chapter 3: From Avant-Garde to Communion: Ten Films by Immigrant Filmmakers in Sweden -- Fabulations in the minor key -- Studie 1 (Uppvaknandet) by Peter Weiss (1952) -- Monos by the Tensta Film Association (1974) -- Vill du följa med mig Martha? by the Tensta Film Association (1980) -- Interference by Maureen Paley (1977) -- Jordmannen by Muammer Özer (1980) -- Hägringen by Guillermo Álvarez (1981) -- Havet är långt borta by Reza Bagher (1983) -- Löftet by Menelaos Carayannis (1984) -- La espera by Myriam Braniff (1989) -- Fem minuter för Amerikas döda/Pichqa minutukuna ilaqtanchispi wanuqkunamanta by César Galindo (1992) -- Projecting a public, creating a context -- Chapter 4: The Cultural Practice of Minor Immigrant Cinema Archiving -- The archival life of cinema -- The archival trajectories of the immigrant films -- The Stockholm Film Workshop and immigrant filmmaking -- Performing accidental archives. 327 $aDispositif in the making, palimpsests of minor histories and the politics of recognition -- Conclusion: Immigrant Filmmaking as Minor Cinema Practice -- Bibliography -- Filmography -- Names Index -- Film Index -- Subject Index. 330 $aBased on a research project funded by the Swedish Research Council, this book analyses 40 years of post-war independent immigrant filmmaking in Sweden. John Sundholm and Lars Gustaf Andersson consider the creativity that lies in the state of exile, offering analyses of over 50 rarely seen immigrant films that would otherwise remain invisible and unarchived. They shed light on the complex web of personal, economic and cultural circumstances around migrant filmmaking, and discuss associations that became important sites of self-organization for exiled filmmakers: The Independent Film Group, The Stockholm Film Workshop, Cineco, Kaleidoscope and Tensta Film Association. 606 $aEmigration and immigration in motion pictures 606 $aMotion pictures$zSweden 615 0$aEmigration and immigration in motion pictures. 615 0$aMotion pictures 676 $a791.436552 700 $aAndersson$b Lars Gustaf$0700707 702 $aSundholm$b John 801 0$bMiAaPQ 801 1$bMiAaPQ 801 2$bMiAaPQ 906 $aBOOK 912 $a9910324949803321 996 $aThe cultural practice of immigrant filmmaking$92010525 997 $aUNINA